名前に「毛」を含む駅 - Statistics

General Stats
  • This quiz has been taken 85 times
  • The average score is 9 of 14
Answer Stats
Hint Answer % Correct
総武本線 稲毛
88%
上越新幹線 上毛高原
87%
京葉線 稲毛海岸
83%
土佐くろしお鉄道宿毛線 宿毛
81%
東急大井町線 上野毛
80%
八高線 毛呂
75%
京成千葉線 京成稲毛
71%
土佐くろしお鉄道宿毛線 東宿毛
65%
根室本線 大楽毛
62%
根室本線 新大楽毛
59%
東武越生線 東毛呂
48%
北陸本線 河毛
42%
飯田線 毛賀
30%
日豊本線 三毛門
19%
No matching quizzes found
Score Distribution
Percent of People with Each Score
Percentile by Number Answered
Your Score History
You have not taken this quiz